00517nam a2200181 i 4500001000300000100001700003245010300020260003500123300002200158700001500180040000800195041000800203080001000211942000700221008004100228999001700269952004900286bg1 aGABRIEL', P. 0aKategorii castnych i teorija gomotopij /cP. Gabriel, M. Cisman ; Perev. s angl. M. M. Postnikova. aMoskwa :bIzdat. "Mir",c1971. as. 296 :bilustr.1 aCISMAN, M. cBPK apol a515.1 cKS s pl f |000 0 pol  c14278d14278 00104070aBPKbBPKcwo13650p01748116yKS